|
|
|
|
| LEADER |
00000cam a2200000 a 4500 |
| 001 |
vtls011608720 |
| 003 |
SK-MaSNL |
| 005 |
20260426003102.0 |
| 008 |
220509s2016 xo da g n 000 0 slo |
| 015 |
|
|
|a SNBA2017/03
|
| 020 |
|
|
|a 9788080932251
|q (brož.)
|
| 035 |
|
|
|a urn:nbn:sk:snk-am00gjmf
|
| 035 |
|
|
|a urn:nbn:sk:snk-am3j4z2
|
| 035 |
|
|
|a 9568BDA0-F7F1-432D-A3C3-ADB2FFAFBFCB
|
| 040 |
|
|
|a SNK
|b slo
|c SNK
|e AACR2
|
| 041 |
0 |
|
|a slo
|b eng
|
| 043 |
|
|
|a e-xo---
|
| 044 |
|
|
|a xo
|c SK
|
| 072 |
|
7 |
|a 630
|x Lesníctvo
|2 konspekt
|
| 080 |
|
|
|a 630
|2 2011
|
| 080 |
|
|
|a (437.6)
|2 2011
|
| 080 |
|
|
|a (082)
|2 2011
|
| 080 |
|
|
|a 630*90
|2 2011
|
| 080 |
|
|
|a 630*6/.7
|2 2011
|
| 111 |
2 |
|
|a Aktuálne otázky ekonomiky a politiky lesného hospodárstva Slovenskej republiky (seminár)
|d (2016:
|c Zvolen, Slovensko)
|9 185553
|
| 245 |
1 |
0 |
|a Aktuálne otázky ekonomiky a politiky lesného hospodárstva Slovenskej republiky
|b zborník z odborného seminára : Zvolen 16. december 2016
|c [zostavovateľ: Miroslav Kovalčík, Martin Moravčík]
|
| 250 |
|
|
|a 1. vyd.
|
| 260 |
|
|
|a Zvolen
|b Národné lesnícke centrum-Lesnícky výskumný ústav
|c 2016
|
| 300 |
|
|
|a 152 s.
|b grafy, mp., tab.
|c 21 cm
|
| 366 |
|
|
|e 100 výtlačkov
|
| 504 |
|
|
|a Bibliografické odkazy
|
| 546 |
|
|
|a Anglické resumé
|
| 650 |
0 |
7 |
|a lesné hospodárstvo
|2 SNKPH
|9 1256
|
| 650 |
0 |
7 |
|a Forest management
|2 SNKPHeng
|9 267353
|
| 650 |
0 |
7 |
|a lesníctvo
|2 SNKPH
|9 1255
|
| 650 |
0 |
7 |
|a Forestry
|2 SNKPHeng
|9 265216
|
| 650 |
0 |
7 |
|a lesnícka politika
|2 SNKPH
|9 1698
|
| 650 |
0 |
7 |
|a Forestry policy
|2 SNKPHeng
|9 340366
|
| 650 |
0 |
7 |
|a lesnícka ekonomika
|2 SNKPH
|9 75735
|
| 650 |
0 |
7 |
|a Forest economics
|2 SNKPHeng
|9 326961
|
| 651 |
|
7 |
|a Slovensko
|2 SNKPH
|9 14231
|
| 651 |
|
7 |
|a Slovakia
|2 SNKPHeng
|9 92630
|
| 655 |
|
7 |
|a zborníky
|2 SNKPH
|9 70165
|
| 655 |
|
7 |
|a Papers of several authors
|2 SNKPHeng
|9 153738
|
| 700 |
1 |
|
|a Kovalčík, Miroslav
|4 com
|9 325249
|
| 700 |
1 |
|
|a Moravčík, Martin,
|d 1955-
|4 com
|9 121252
|
| 919 |
|
|
|a 978-80-8093-225-1
|
| 958 |
|
|
|a NB
|
| 999 |
|
|
|c 935233
|d 937163
|
| 952 |
|
|
|a SNK
|b SNK
|y PREZ
|7 0
|p 17A1254102
|o snkSC 173386
|i snk2017/5387
|8 0
|0 0
|1 0
|4 0
|d 2017-02-27
|f 1
|l 0
|r 2025-09-11 00:00:00
|w 2026-02-24
|
| 952 |
|
|
|a SNK
|b SNK
|y VYP
|7 0
|p 17A1254104
|o snkSC 173386 D1
|i snk2017/5388
|8 0
|0 0
|1 0
|4 0
|d 2017-02-27
|l 0
|r 2026-02-24 09:01:20
|w 2026-02-24
|